Представление документа в формате RUSMARC

ПолеНазваниеЗначение
  Тип записи a
  Библиографический уровень m
001 Контрольный номер RU/IS/BASE/538661474
005 Дата корректировки 20201206205037.5
010 Индекс ISBN __
a ISBN 978-5-406-04668-5 (в пер.)
d Цена 793-54
100 Данные общей обработки __
a Данные общей обработки 19170125d2016||||||| 0rusy0189 ca
101 Язык документа 0_
a Язык текста rus
102 Страна публикации __
a Страна публикации RU|
105 Кодированные данные (монография) __
a Кодированные данные (монография) y|||j|||||1zy
200 Заглавие и сведения об ответственности 1_
a Заглавие Эстетика
e Сведения, относящиеся к заглавию учебник для гуманитарных направлений и специальностей вузов России
f Первые сведения об ответственности В. В. Бычков
b Общее обозначение материала Текст
210 Выходные данные __
a Место издания Москва
c Издательство КноРус
d Дата издания 2016
215 Физическое описание __
a Объем 528 с.
300 Общие примечания __
a Общие примечания 278 экз.
330 Аннотация __
a Аннотация Представляет собой полный курс эстетики, включающий краткий обзор истории эстетики, развернутое изложение эстетической теории, основных идей и проблем классической эстетики, подробный анализ современного состояния искусства и неклассической эстетики, возникшей на основе авангардно-модернистско-постмодернистского художественно-эстетического опыта ХХ в. и продвинутого философско-эстетического дискурса. Особое внимание уделено новейшему разделу эстетики - виртуалистике, изучающей опыт компьютерно-сетевого искусства, эстетической навигации в сети и теоретические аспекты этого опыта. Для студентов, аспирантов, преподавателей гуманитарных дисциплин и всех желающих повысить свою эстетическую культуру.
606 Тематические рубрики __
a Основная рубрика Эстетика
606 Тематические рубрики __
a Основная рубрика Общие вопросы эстетики
610 Ключевые слова __
a Ключевые слова абсурд
a Ключевые слова авангард
a Ключевые слова античность
a Ключевые слова виртуалистика
a Ключевые слова история эстетики
a Ключевые слова классическая эстетика
a Ключевые слова компьютерно-сетевое искусство
a Ключевые слова красота
a Ключевые слова модернизм
a Ключевые слова неклассическая эстетика
a Ключевые слова неоплатонизм
a Ключевые слова прекрасное
a Ключевые слова романтизм
a Ключевые слова символизм
a Ключевые слова софиология
a Ключевые слова творчество
a Ключевые слова теория эстетики
a Ключевые слова философия
686 Индексы других классификаций __
2 Код системы rubbks
a Классификационный индекс 87.8я73
700 Автор _1
a Фамилия Бычков
b Имя В. В.
g Полное личное имя Виктор Васильевич
4 Код отношения 070
801 Источник записи _0
a Страна RU
b Организация Муниципальное бюджетное учреждение культуры "Централизованная библиотечная система" г. Сургут (Центральная городская библиотека им. А. С. Пушкина)
c Дата составления 20170125
g Правила каталогизации КиК/Коробейникова
801 Источник записи _1
a Страна RU
b Организация Муниципальное бюджетное учреждение культуры "Централизованная библиотечная система" г. Сургут (Центральная городская библиотека им. А. С. Пушкина)
c Дата составления 20170125
g Правила каталогизации КиК/Коробейникова
852 Данные о местонахождении __
j Шифр хранения 87.8я73
i Авторский знак Б 95
901 Тип документа __
t Тип документа m
903 Характеристики (МАРС) __
a Дата передачи 20170125
969 Тип издания __
a Тип издания учебник
990 Данные о заказе (DOS) __
j Количество экземпляров (DOS) 1
t N записи в КСУ для И/У (DOS) 201702